000 00419 a2200109 4500
001 ART_51702
005 20260410162034.0
008 260409a
245 1 0 _aGuardavidas. CCT 179/1991. Entre Ríos, Santa Fé, Córdoba, La Pampa, Río Negro y Buenos Aires (excepto el partido de Gral. Pueyrredón)
100 1 _aGodoy, Laura M.
773 0 _tLiquidación de sueldos
_g- N° 177 (feb. 2021)
_wREV44399
999 _c34267
_d34267